[Event "5. Open Memorial Pedro Lezcano 2012"]
[Site "Gran Canaria ESP"]
[Date "2012.04.07"]
[Round "8.44"]
[White "Aleman Alamo, Nicolas"]
[Black "Suarez Ramirez, Jonay"]
[Result "0-1"]
[WhiteElo "1598"]
[BlackElo "1492"]
[PlyCount "62"]
[EventDate "2012.04.02"]
[EventType "swiss"]
[EventRounds "9"]
[EventCountry "ESP"]
[Source "lmi"]
[SourceDate "2012.04.02"]

1. d4 Nf6 2. c4 g6 3. Nc3 Bg7 4. Nf3 d6 5. Bf4 Nc6 6. h3 Bf5 7. e3 O-O 8. Be2
Rc8 9. O-O Nb8 10. Rc1 Nbd7 11. g4 Bxg4 12. hxg4 Nxg4 13. Ng5 e5 14. Bg3 Nxe3
15. fxe3 Qxg5 16. Rf3 f5 17. Kg2 exd4 18. exd4 Bxd4 19. Qxd4 Qxc1 20. b3 Rce8
21. Bf4 Qb2 22. Rf2 Nf6 23. Bg5 c5 24. Qd3 Ne4 25. Nxe4 Rxe4 26. Bf3 Qd4 27.
Bxe4 Qxf2+ 28. Kh3 fxe4 29. Qd5+ Kg7 30. Qxb7+ Rf7 31. Qxe4 Rf3+ 0-1

[Event "5. Open Memorial Pedro Lezcano 2012"]
[Site "Gran Canaria ESP"]
[Date "2012.04.08"]
[Round "9.1"]
[White "Kurajica, Bojan"]
[Black "Del Rio De Angelis, Salvador G"]
[Result "1/2-1/2"]
[WhiteElo "2548"]
[BlackElo "2533"]
[PlyCount "52"]
[EventDate "2012.04.02"]
[EventType "swiss"]
[EventRounds "9"]
[EventCountry "ESP"]
[Source "lmi"]
[SourceDate "2012.04.02"]

1. Nf3 d6 2. d4 Bg4 3. Nbd2 Nf6 4. e4 e6 5. c3 Be7 6. Qb3 Qc8 7. Bd3 Nbd7 8. h3
Bh5 9. O-O O-O 10. Qc2 Bg6 11. Re1 c5 12. d5 c4 13. Nxc4 Nc5 14. Nh4 Nxd3 15.
Qxd3 Bxe4 16. Rxe4 Nxe4 17. Qxe4 f5 18. Qxe6+ Qxe6 19. dxe6 Rac8 20. Nxd6 Bxd6
21. Be3 Rce8 22. Bxa7 Rxe6 23. Be3 f4 24. Bd4 Be5 25. Nf3 Bxd4 26. Nxd4 Rb6
1/2-1/2

[Event "5. Open Memorial Pedro Lezcano 2012"]
[Site "Gran Canaria ESP"]
[Date "2012.04.08"]
[Round "9.2"]
[White "Herraiz Hidalgo, Herminio"]
[Black "Fernandez Garcia, Jose Luis"]
[Result "1/2-1/2"]
[WhiteElo "2485"]
[BlackElo "2414"]
[PlyCount "27"]
[EventDate "2012.04.02"]
[EventType "swiss"]
[EventRounds "9"]
[EventCountry "ESP"]
[Source "lmi"]
[SourceDate "2012.04.02"]

1. Nf3 g6 2. d4 Nf6 3. g3 Bg7 4. Bg2 d5 5. O-O c6 6. b3 O-O 7. Bb2 a5 8. c4 a4
9. e3 axb3 10. axb3 Rxa1 11. Bxa1 Ne4 12. Nc3 f5 13. cxd5 cxd5 14. Ne5 1/2-1/2

[Event "5. Open Memorial Pedro Lezcano 2012"]
[Site "Gran Canaria ESP"]
[Date "2012.04.08"]
[Round "9.4"]
[White "Reinaldo Castineira, Roi"]
[Black "Recuero Guerra, David"]
[Result "1/2-1/2"]
[WhiteElo "2470"]
[BlackElo "2467"]
[PlyCount "118"]
[EventDate "2012.04.02"]
[EventType "swiss"]
[EventRounds "9"]
[EventCountry "ESP"]
[Source "lmi"]
[SourceDate "2012.04.02"]

1. d4 d5 2. c4 dxc4 3. e3 Nf6 4. Bxc4 e6 5. Nf3 a6 6. a4 c5 7. O-O Nc6 8. Nc3
Be7 9. dxc5 O-O 10. Qe2 Bxc5 11. e4 e5 12. Rd1 Nd4 13. Nxd4 exd4 14. Nd5 Ng4
15. Rd3 Be6 16. Bf4 Bd6 17. Bxd6 Qxd6 18. Rg3 Rac8 19. Rd1 Ne5 20. Rxd4 Qc5 21.
Qd2 Bxd5 22. exd5 Qd6 23. Bf1 Rfe8 24. h4 h6 25. Rb3 Re7 26. a5 Qg6 27. Rg3 Qd6
28. Re3 Rd8 29. h5 Rc7 30. Rde4 f6 31. Rd4 Re7 32. g3 Nf7 33. Bh3 Rxe3 34. Qxe3
Kf8 35. Qb3 Qe5 36. Qb4+ Nd6 37. Be6 Qxh5 38. Qb6 Qe8 39. Rd3 Qe7 40. Rc3 Nb5
41. Rc1 g6 42. Kg2 Kg7 43. b4 Rd6 44. Qc5 h5 45. Re1 Qc7 46. Qxc7+ Nxc7 47. Rc1
Nxe6 48. dxe6 Rxe6 49. Rc7+ Kh6 50. Rxb7 Re4 51. Rb6 f5 52. f3 Re2+ 53. Kh3 Rb2
54. f4 Rb3 55. Rxa6 Rxb4 56. Ra7 Rb1 57. a6 Ra1 58. Ra8 Kg7 59. Kh4 Ra3 1/2-1/2

[Event "5. Open Memorial Pedro Lezcano 2012"]
[Site "Gran Canaria ESP"]
[Date "2012.04.08"]
[Round "9.6"]
[White "Gutierrez Olivares, Daniel"]
[Black "Larino Nieto, David"]
[Result "1-0"]
[WhiteElo "2281"]
[BlackElo "2442"]
[PlyCount "117"]
[EventDate "2012.04.02"]
[EventType "swiss"]
[EventRounds "9"]
[EventCountry "ESP"]
[Source "lmi"]
[SourceDate "2012.04.02"]

1. c4 e5 2. Nc3 Nc6 3. g3 g6 4. Bg2 Bg7 5. e4 Nge7 6. Nge2 h5 7. h3 h4 8. d3
hxg3 9. fxg3 d6 10. Bg5 f6 11. Be3 Be6 12. Nd5 Qd7 13. Qa4 Rb8 14. O-O-O a6 15.
Nec3 O-O 16. Rdf1 b5 17. Qd1 bxc4 18. dxc4 Na5 19. b3 c6 20. Nb6 Qc7 21. Nca4
Nb7 22. h4 Bf7 23. h5 gxh5 24. g4 h4 25. g5 fxg5 26. Bh3 d5 27. Nd7 dxc4 28.
Bb6 Qd6 29. Qxd6 Nxd6 30. Nxb8 cxb3 31. axb3 Nxe4 32. Nd7 Re8 33. Rf3 Ng3 34.
Re1 Nd5 35. Bf2 e4 36. Rxg3 hxg3 37. Bxg3 Nb4 38. Nac5 e3 39. Bf5 Bd5 40. Bg6
Re7 41. Bd6 Na2+ 42. Kb1 Nc3+ 43. Kc2 Bf7 44. Bxf7+ Rxf7 45. Rxe3 Rf2+ 46. Kd3
Nd5 47. Rg3 Nb4+ 48. Ke4 Nd5 49. Rxg5 Kh7 50. Rg3 Bh6 51. Nd3 Nc3+ 52. Ke5 Re2+
53. Kf5 Ne4 54. Nf6+ Nxf6 55. Kxf6 a5 56. Rh3 Rg2 57. Bf8 Rg6+ 58. Kf7 c5 59.
Bxh6 1-0

[Event "5. Open Memorial Pedro Lezcano 2012"]
[Site "Gran Canaria ESP"]
[Date "2012.04.08"]
[Round "9.7"]
[White "Espinosa Aranda, Angel"]
[Black "Gonzalez Diaz, Julio"]
[Result "1/2-1/2"]
[WhiteElo "2399"]
[BlackElo "2232"]
[PlyCount "74"]
[EventDate "2012.04.02"]
[EventType "swiss"]
[EventRounds "9"]
[EventCountry "ESP"]
[Source "lmi"]
[SourceDate "2012.04.02"]

1. e4 c5 2. Nf3 g6 3. d4 cxd4 4. Nxd4 Nc6 5. c4 Bg7 6. Be3 d6 7. Nc3 Nf6 8. Be2
Nxd4 9. Bxd4 O-O 10. O-O Bd7 11. f4 Bc6 12. Bf3 Nd7 13. Bxg7 Kxg7 14. Qd4+ Kg8
15. Rac1 Qb6 16. Qxb6 Nxb6 17. Nd5 Bxd5 18. cxd5 Rfc8 19. b3 Rxc1 20. Rxc1 Rc8
21. Rxc8+ Nxc8 22. Kf2 Kf8 23. Ke3 Ke8 24. Bg4 Nb6 25. Kd4 Na8 26. Bc8 b6 27.
h4 Kf8 28. g4 Kg7 29. g5 h6 30. e5 hxg5 31. hxg5 Nc7 32. Bd7 a5 33. Ke4 Kf8 34.
Bc6 Kg8 35. f5 gxf5+ 36. Kxf5 Kg7 37. exd6 exd6 1/2-1/2

[Event "5. Open Memorial Pedro Lezcano 2012"]
[Site "Gran Canaria ESP"]
[Date "2012.04.08"]
[Round "9.8"]
[White "Cabrera Trujillo, Jorge"]
[Black "Vega Gutierrez, Belinda"]
[Result "1-0"]
[WhiteElo "2357"]
[BlackElo "2177"]
[PlyCount "93"]
[EventDate "2012.04.02"]
[EventType "swiss"]
[EventRounds "9"]
[EventCountry "ESP"]
[Source "lmi"]
[SourceDate "2012.04.02"]

1. e4 e5 2. Nf3 Nc6 3. Bb5 a6 4. Ba4 Nf6 5. O-O b5 6. Bb3 Be7 7. Re1 d6 8. c3
O-O 9. h3 Na5 10. Bc2 c5 11. d4 Qc7 12. Nbd2 cxd4 13. cxd4 Nc6 14. Nb3 a5 15.
Be3 a4 16. Nbd2 Nb4 17. Bb1 Bd7 18. a3 Na6 19. Bd3 exd4 20. Nxd4 Qb7 21. b4
axb3 22. N2xb3 Nc5 23. Nxc5 dxc5 24. Nxb5 Bxb5 25. Rb1 Rfd8 26. Rxb5 Qd7 27.
Be2 Qxd1 28. Rxd1 Nxe4 29. Rb7 Kf8 30. Rxd8+ Rxd8 31. Bf3 Nd2 32. Be2 Ne4 33.
g3 Bg5 34. f4 Be7 35. Kg2 Nc3 36. Bc4 Ne4 37. Rc7 Nd2 38. Bb5 Nb3 39. a4 Nd4
40. Bc4 Ra8 41. a5 Ke8 42. a6 Kd8 43. Rb7 Nf5 44. Rb3 Nd6 45. Be2 c4 46. Rb6
Nc8 47. Rc6 1-0

[Event "5. Open Memorial Pedro Lezcano 2012"]
[Site "Gran Canaria ESP"]
[Date "2012.04.08"]
[Round "9.9"]
[White "Martin Hernandez, Ruben"]
[Black "Hernando Rodrigo, Jose Maria"]
[Result "0-1"]
[WhiteElo "2182"]
[BlackElo "2326"]
[PlyCount "42"]
[EventDate "2012.04.02"]
[EventType "swiss"]
[EventRounds "9"]
[EventCountry "ESP"]
[Source "lmi"]
[SourceDate "2012.04.02"]

1. e4 e6 2. d4 d5 3. Nc3 Nc6 4. Nf3 Nf6 5. Bg5 Be7 6. Bxf6 Bxf6 7. Bb5 a6 8.
Bxc6+ bxc6 9. e5 Be7 10. Na4 Rb8 11. Nd2 O-O 12. c3 f6 13. f4 fxe5 14. fxe5 c5
15. Nf3 cxd4 16. cxd4 c5 17. O-O cxd4 18. Nxd4 Rxf1+ 19. Qxf1 Bd7 20. Nc3 Bc5
21. Qf4 Rb4 0-1

[Event "5. Open Memorial Pedro Lezcano 2012"]
[Site "Gran Canaria ESP"]
[Date "2012.04.08"]
[Round "9.10"]
[White "Vega Gutierrez, Sabrina"]
[Black "Bressac, Stephane"]
[Result "1-0"]
[WhiteElo "2323"]
[BlackElo "2243"]
[PlyCount "111"]
[EventDate "2012.04.02"]
[EventType "swiss"]
[EventRounds "9"]
[EventCountry "ESP"]
[Source "lmi"]
[SourceDate "2012.04.02"]

1. e4 c5 2. Nf3 Nc6 3. d4 cxd4 4. Nxd4 g6 5. Nc3 Bg7 6. Nb3 Nf6 7. Bc4 O-O 8.
O-O d6 9. Re1 a6 10. Bf1 b5 11. Nd5 Nd7 12. c3 e6 13. Nb4 Nxb4 14. cxb4 Qe7 15.
Na5 Re8 16. a4 bxa4 17. Nc4 Bf8 18. Rxa4 Bb7 19. Na5 Nb6 20. Ra3 Bg7 21. Be3
Qc7 22. Qb3 Nd7 23. Rc1 Qb8 24. Nc6 Bxc6 25. Rxc6 a5 26. b5 Rc8 27. Qc2 Nc5 28.
Bxc5 dxc5 29. Qxc5 Rxc6 30. Qxc6 Bxb2 31. b6 Kg7 32. Rd3 a4 33. Rd7 Qe8 34. b7
Rb8 35. Qc7 a3 36. Bc4 Bc3 37. Re7 Qd8 38. Rxf7+ Kg8 39. Rxh7 Qxc7 40. Rxc7 Be5
41. Bxe6+ Kf8 42. Rc8+ Ke7 43. Rxb8 Bxb8 44. Bd5 g5 45. h3 Kd7 46. g3 Kc7 47.
Kg2 a2 48. Bxa2 Kxb7 49. Kf3 Ba7 50. h4 gxh4 51. gxh4 Kc7 52. Kg3 Kd6 53. f4
Ke7 54. Kg4 Bd4 55. Kf5 Bg7 56. Kg6 1-0

[Event "5. Open Memorial Pedro Lezcano 2012"]
[Site "Gran Canaria ESP"]
[Date "2012.04.08"]
[Round "9.11"]
[White "Gergacz, Attila"]
[Black "Illijin, Neboisa"]
[Result "1-0"]
[WhiteElo "2432"]
[BlackElo "2191"]
[PlyCount "83"]
[EventDate "2012.04.02"]
[EventType "swiss"]
[EventRounds "9"]
[EventCountry "ESP"]
[Source "lmi"]
[SourceDate "2012.04.02"]

1. e4 c5 2. Nf3 e6 3. b3 Nc6 4. Bb2 Nf6 5. e5 Nd5 6. c4 Nb6 7. Be2 d5 8. exd6
Bxd6 9. O-O e5 10. Nc3 O-O 11. d3 Bf5 12. Nd2 Qe7 13. Nde4 Nd4 14. Re1 Rad8 15.
Bf1 Bb8 16. Ba3 Ne6 17. Rb1 Bg6 18. Na4 Nxa4 19. bxa4 f5 20. Nc3 Qd6 21. Nd5 b6
22. a5 e4 23. g3 Nd4 24. Bg2 b5 25. Bb2 bxc4 26. dxc4 Nc6 27. f4 Nxa5 28. Bf1
Nc6 29. Bc3 Rf7 30. Qa4 Rfd7 31. Red1 Qe6 32. Rb2 Bh5 33. Rdb1 h6 34. Bh3 Bg6
35. Rb7 Kh7 36. Qa6 e3 37. Rxd7 Rxd7 38. Rxb8 e2 39. Kf2 Bh5 40. Ne3 Rf7 41.
Rb7 e1=Q+ 42. Bxe1 1-0

[Event "5. Open Memorial Pedro Lezcano 2012"]
[Site "Gran Canaria ESP"]
[Date "2012.04.08"]
[Round "9.13"]
[White "Lopez Pereyra, Antonio"]
[Black "De La Cruz Sanchez, Carlos G"]
[Result "0-1"]
[WhiteElo "2125"]
[BlackElo "2288"]
[PlyCount "90"]
[EventDate "2012.04.02"]
[EventType "swiss"]
[EventRounds "9"]
[EventCountry "ESP"]
[Source "lmi"]
[SourceDate "2012.04.02"]

1. f4 e5 2. e4 d5 3. exd5 c6 4. Nc3 exf4 5. Nf3 Nf6 6. d4 Bd6 7. Qe2+ Qe7 8.
Qxe7+ Kxe7 9. Bc4 cxd5 10. Nxd5+ Nxd5 11. Bxd5 Rd8 12. O-O h6 13. c4 Nc6 14.
Bd2 Kf8 15. Bc3 Bf5 16. Nh4 Bd3 17. Rf3 Bh7 18. g4 g5 19. Nf5 Bxf5 20. gxf5 Be7
21. Rh3 Kg7 22. Rd1 Bf6 23. Rdd3 Rxd5 24. cxd5 Ne7 25. d6 Nxf5 26. Rd2 Ne3 27.
d5 Bxc3 28. bxc3 Rd8 29. Rb2 b6 30. Rxe3 fxe3 31. Kf1 f5 32. c4 Rxd6 33. a4 Kf6
34. a5 Ke5 35. a6 Kd4 36. Rc2 Kd3 37. Rc1 f4 38. Kg2 g4 39. h3 h5 40. Ra1 f3+
41. Kg3 e2 42. hxg4 hxg4 43. Kf2 Kxc4 44. Ra4+ Kb5 45. Rxg4 Rxd5 0-1

[Event "5. Open Memorial Pedro Lezcano 2012"]
[Site "Gran Canaria ESP"]
[Date "2012.04.08"]
[Round "9.15"]
[White "Alvarado Diaz, Alejandro"]
[Black "Capote Robayna, Nathaniel"]
[Result "1-0"]
[WhiteElo "2219"]
[BlackElo "2054"]
[PlyCount "81"]
[EventDate "2012.04.02"]
[EventType "swiss"]
[EventRounds "9"]
[EventCountry "ESP"]
[Source "lmi"]
[SourceDate "2012.04.02"]

1. g3 Nf6 2. Bg2 g6 3. e4 d6 4. Ne2 Bg7 5. c4 Nbd7 6. Nbc3 O-O 7. O-O e5 8. d3
c6 9. Rb1 Nc5 10. h3 Ne6 11. Be3 Re8 12. Qd2 Nd7 13. Kh2 Nd4 14. f4 f5 15. b4
Nf8 16. b5 Nfe6 17. bxc6 bxc6 18. exf5 gxf5 19. Bxd4 Nxd4 20. Nxd4 exd4 21. Nb5
d5 22. Rfe1 Rxe1 23. Rxe1 Bb7 24. Na3 Qd6 25. Qb2 Ba6 26. Qb3 Bf8 27. Nb5 Qc5
28. Qa4 Bxb5 29. cxb5 cxb5 30. Qb3 Rd8 31. Re5 Qc3 32. Bxd5+ Kh8 33. Qxb5 a6
34. Qb3 Qd2+ 35. Bg2 Bd6 36. Rxf5 Rg8 37. Qd5 Qf2 38. Rg5 Rxg5 39. Qxg5 Bc7 40.
Qf6+ Kg8 41. Qe6+ 1-0

[Event "5. Open Memorial Pedro Lezcano 2012"]
[Site "Gran Canaria ESP"]
[Date "2012.04.08"]
[Round "9.18"]
[White "Robin, Samy"]
[Black "Lopez Colon, Francisco"]
[Result "1-0"]
[WhiteElo "2298"]
[BlackElo "2106"]
[PlyCount "59"]
[EventDate "2012.04.02"]
[EventType "swiss"]
[EventRounds "9"]
[EventCountry "ESP"]
[Source "lmi"]
[SourceDate "2012.04.02"]

1. e4 d6 2. d4 Nf6 3. Nc3 g6 4. Be2 Bg7 5. g4 c5 6. g5 Nfd7 7. d5 Bxc3+ 8. bxc3
Qa5 9. Bd2 Qa4 10. c4 Ne5 11. Bc3 O-O 12. Bxe5 dxe5 13. h4 f6 14. h5 gxh5 15.
Rxh5 Na6 16. c3 Qxd1+ 17. Rxd1 Bd7 18. Rd3 Be8 19. Rh4 Bg6 20. Rg3 fxg5 21.
Rxg5 Rf4 22. Rhg4 Nc7 23. Rxe5 Rxg4 24. Bxg4 Kf7 25. f4 Kf6 26. Nf3 Rd8 27. Kf2
Rd6 28. f5 Be8 29. Re6+ Rxe6 30. fxe6 1-0

[Event "5. Open Memorial Pedro Lezcano 2012"]
[Site "Gran Canaria ESP"]
[Date "2012.04.08"]
[Round "9.19"]
[White "Meneses Gonzalez, Kevin Moises"]
[Black "Garcia Rodriguez, Sara"]
[Result "1-0"]
[WhiteElo "2248"]
[BlackElo "2011"]
[PlyCount "71"]
[EventDate "2012.04.02"]
[EventType "swiss"]
[EventRounds "9"]
[EventCountry "ESP"]
[Source "lmi"]
[SourceDate "2012.04.02"]

1. e4 c5 2. Nf3 d6 3. d4 cxd4 4. Nxd4 Nf6 5. Nc3 g6 6. Be3 Bg7 7. f3 O-O 8. Qd2
Nc6 9. O-O-O d5 10. Qe1 e5 11. Nxc6 bxc6 12. exd5 Nxd5 13. Bc4 Be6 14. Ne4 Qc7
15. Bc5 Rfe8 16. g4 Nf4 17. Bxe6 Nxe6 18. Be3 Rab8 19. g5 Nf4 20. Bc5 Qb7 21.
b3 Qa6 22. Kb1 Ne6 23. Qc3 Rb5 24. Rd7 Nxc5 25. Nxc5 Qa3 26. Ne4 Ra5 27. Qb2
Qxb2+ 28. Kxb2 Rb8 29. Rhd1 Kf8 30. c4 h6 31. h4 hxg5 32. hxg5 Ra6 33. Rc7 Kg8
34. Rdd7 Rf8 35. c5 Bh8 36. Rd6 1-0

[Event "5. Open Memorial Pedro Lezcano 2012"]
[Site "Gran Canaria ESP"]
[Date "2012.04.08"]
[Round "9.20"]
[White "Leon Varela, Luis"]
[Black "Korneev, Svyatoslav"]
[Result "0-1"]
[WhiteElo "2190"]
[BlackElo "1938"]
[PlyCount "70"]
[EventDate "2012.04.02"]
[EventType "swiss"]
[EventRounds "9"]
[EventCountry "ESP"]
[Source "lmi"]
[SourceDate "2012.04.02"]

1. d4 Nf6 2. c4 c5 3. d5 b5 4. Qc2 bxc4 5. e4 g6 6. Nc3 d6 7. Bxc4 Bg7 8. Nf3
Nbd7 9. h3 Nb6 10. Be2 O-O 11. O-O Ne8 12. Bf4 Nc7 13. Rad1 Bb7 14. a4 a5 15.
Qb3 Na6 16. Bb5 c4 17. Qc2 Nb4 18. Qb1 Qc7 19. Nd4 Nd7 20. b3 cxb3 21. Qxb3
Rfc8 22. Nce2 Nc5 23. Qe3 Qd8 24. Bh6 Bxh6 25. Qxh6 Nxe4 26. Nf4 Qf8 27. Qh4
Nf6 28. Rfe1 Nbxd5 29. Nxd5 Bxd5 30. Rd3 Rc7 31. Rg3 Rac8 32. Kh2 Bc4 33. Nf5
Be6 34. Nh6+ Kg7 35. Bd3 Rc5 0-1

[Event "5. Open Memorial Pedro Lezcano 2012"]
[Site "Gran Canaria ESP"]
[Date "2012.04.08"]
[Round "9.21"]
[White "Perez Barreto, Adrian"]
[Black "Navarro Molina, David"]
[Result "0-1"]
[WhiteElo "1956"]
[BlackElo "2168"]
[PlyCount "72"]
[EventDate "2012.04.02"]
[EventType "swiss"]
[EventRounds "9"]
[EventCountry "ESP"]
[Source "lmi"]
[SourceDate "2012.04.02"]

1. d4 Nf6 2. c4 e6 3. Nc3 Bb4 4. g3 c5 5. Nf3 b6 6. Bg2 Bb7 7. O-O cxd4 8. Nb5
a6 9. Nbxd4 O-O 10. a3 Be7 11. b3 d5 12. cxd5 Bxd5 13. Bb2 Nbd7 14. Nd2 Bxg2
15. Kxg2 Qc7 16. Rc1 Qb7+ 17. Kg1 Rac8 18. Nc4 h5 19. h4 Rc7 20. Qd2 Ng4 21.
Rfd1 Rfc8 22. Nf3 Nc5 23. Ng5 f6 24. Qc3 b5 25. Na5 Qb6 26. Nh3 Na4 27. Qd2
Nxb2 28. Rxc7 Qxc7 29. Qxb2 Qxa5 30. b4 Qb6 31. e3 Qc6 32. Qe2 Qe4 33. f3 Qxe3+
34. Qxe3 Nxe3 35. Re1 Rc3 36. Kf2 Bd8 0-1

[Event "5. Open Memorial Pedro Lezcano 2012"]
[Site "Gran Canaria ESP"]
[Date "2012.04.08"]
[Round "9.22"]
[White "Rodriguez Ferraz, Borja"]
[Black "Aguila Hernandez, Eduardo"]
[Result "0-1"]
[WhiteElo "2149"]
[BlackElo "1864"]
[PlyCount "70"]
[EventDate "2012.04.02"]
[EventType "swiss"]
[EventRounds "9"]
[EventCountry "ESP"]
[Source "lmi"]
[SourceDate "2012.04.02"]

1. d4 Nf6 2. c4 c5 3. d5 b5 4. cxb5 a6 5. b6 d6 6. Nc3 Nbd7 7. e4 g6 8. Nf3 Bg7
9. Be2 O-O 10. O-O Nxb6 11. Nd2 a5 12. a4 Ne8 13. Bb5 Ba6 14. Nb3 Bxb5 15. Nxb5
Nc7 16. Qe2 Qd7 17. Nxc7 Qxc7 18. Nd2 Qd7 19. Nc4 Nxc4 20. Qxc4 Rfb8 21. Qc2
Rb4 22. Ra3 Rab8 23. b3 c4 24. bxc4 Rc8 25. c5 Rxc5 26. Qd3 Rxa4 27. Rxa4 Qxa4
28. Qa6 h5 29. Be3 Rc4 30. f3 Rc2 31. Qb6 Qa2 32. Bf2 a4 33. Qd8+ Kh7 34. Qxe7
Rxf2 35. Rxf2 Qb1+ 0-1

[Event "5. Open Memorial Pedro Lezcano 2012"]
[Site "Gran Canaria ESP"]
[Date "2012.04.08"]
[Round "9.23"]
[White "Cruz Ramirez, Nauzet"]
[Black "Mayor Gonzalez, Julio"]
[Result "1-0"]
[WhiteElo "1710"]
[BlackElo "1943"]
[PlyCount "63"]
[EventDate "2012.04.02"]
[EventType "swiss"]
[EventRounds "9"]
[EventCountry "ESP"]
[Source "lmi"]
[SourceDate "2012.04.02"]

1. d4 f5 2. c4 e6 3. Nc3 Nf6 4. Nf3 Be7 5. g3 d5 6. b3 c6 7. Bg2 O-O 8. O-O
Nbd7 9. Ng5 Re8 10. f4 Ne4 11. Ngxe4 fxe4 12. e3 Bf6 13. Bd2 Nf8 14. Qe2 b6 15.
cxd5 cxd5 16. Rac1 Bb7 17. Rfd1 Rc8 18. Qf2 a6 19. Bh3 Qd6 20. Be1 Qa3 21. Qg2
Rc7 22. Rc2 Rec8 23. Rdc1 Be7 24. Bd2 Bd6 25. Qe2 h6 26. Qe1 Bb4 27. Bf1 Qa5
28. a4 b5 29. axb5 axb5 30. Be2 Nd7 31. Bg4 Nf6 32. Bxe6+ 1-0

[Event "5. Open Memorial Pedro Lezcano 2012"]
[Site "Gran Canaria ESP"]
[Date "2012.04.08"]
[Round "9.24"]
[White "Sanchez Quintero, Raul"]
[Black "Capote Robayna, Johanna"]
[Result "1-0"]
[WhiteElo "2084"]
[BlackElo "1809"]
[PlyCount "87"]
[EventDate "2012.04.02"]
[EventType "swiss"]
[EventRounds "9"]
[EventCountry "ESP"]
[Source "lmi"]
[SourceDate "2012.04.02"]

1. e4 c5 2. Nf3 Nc6 3. Bb5 d6 4. h3 g6 5. c3 Nf6 6. Qe2 Bg7 7. O-O Bd7 8. d4
cxd4 9. cxd4 a6 10. Ba4 Qa5 11. Bb3 O-O 12. Rd1 Rfd8 13. Bd2 Qc7 14. Bc3 Na5
15. Bc2 Rac8 16. Nbd2 b5 17. Rac1 Qb6 18. d5 b4 19. Bd4 Qb7 20. Bd3 Bb5 21.
Bxb5 axb5 22. b3 Qa6 23. Nf1 Nb7 24. Ng3 Nc5 25. Ne5 Re8 26. Nc6 Qb6 27. Nxb4
e6 28. dxe6 fxe6 29. Nd3 e5 30. Be3 Bf8 31. b4 Nxd3 32. Rxc8 Nf4 33. Qb2 Qb7
34. Rxe8 Nxe8 35. Bxf4 exf4 36. Ne2 Nf6 37. Nxf4 Nxe4 38. Qb3+ Kh8 39. Ne6 Be7
40. Qf3 Bf6 41. Rxd6 h5 42. Nc5 Qc7 43. Nxe4 Qc1+ 44. Rd1 1-0

[Event "5. Open Memorial Pedro Lezcano 2012"]
[Site "Gran Canaria ESP"]
[Date "2012.04.08"]
[Round "9.25"]
[White "Gonzalez Intelangelo, Gerardo"]
[Black "Salazar De La Cruz, Jose Maria"]
[Result "1-0"]
[WhiteElo "2020"]
[BlackElo "1769"]
[PlyCount "43"]
[EventDate "2012.04.02"]
[EventType "swiss"]
[EventRounds "9"]
[EventCountry "ESP"]
[Source "lmi"]
[SourceDate "2012.04.02"]

1. Nf3 Nf6 2. d4 d5 3. c4 e6 4. g3 b6 5. Bg2 Bb7 6. O-O Bd6 7. Nc3 h6 8. Qa4+
Nbd7 9. cxd5 exd5 10. Nb5 Ne4 11. Nxd6+ Nxd6 12. Bf4 Ne4 13. Ne5 Nef6 14. Nc6
Qc8 15. Rac1 a6 16. Qa3 Ng8 17. Qe3+ Kf8 18. Qa3+ Ke8 19. Bh3 Rh7 20. Ne5 Ngf6
21. Nxd7 Nxd7 22. Rxc7 1-0

[Event "5. Open Memorial Pedro Lezcano 2012"]
[Site "Gran Canaria ESP"]
[Date "2012.04.08"]
[Round "9.26"]
[White "Schlittermann, Wolfgang"]
[Black "Cruz Pino, Adrian"]
[Result "0-1"]
[WhiteElo "1751"]
[BlackElo "2011"]
[PlyCount "68"]
[EventDate "2012.04.02"]
[EventType "swiss"]
[EventRounds "9"]
[EventCountry "ESP"]
[Source "lmi"]
[SourceDate "2012.04.02"]

1. Nf3 Nf6 2. c4 c6 3. e3 g6 4. b3 Bg7 5. Bb2 O-O 6. Be2 d6 7. Na3 b6 8. Nc2 e5
9. d3 Ne8 10. O-O f5 11. Nd2 Bh6 12. f4 exf4 13. exf4 Qe7 14. g3 Nd7 15. Bf3
Bb7 16. Re1 Qd8 17. Qe2 Nc7 18. Nd4 Bg7 19. Nxc6 Bxc6 20. Bxg7 Bxf3 21. Nxf3
Kxg7 22. Qb2+ Qf6 23. Re7+ Rf7 24. Rxf7+ Kxf7 25. Ng5+ Kg8 26. Qb1 Re8 27. Qf1
Qd4+ 28. Kh1 Nc5 29. Rd1 h6 30. Nf3 Qc3 31. d4 Ne4 32. Rc1 Qd3 33. Qg2 Nc3 34.
Ne1 Qe3 0-1

[Event "5. Open Memorial Pedro Lezcano 2012"]
[Site "Gran Canaria ESP"]
[Date "2012.04.08"]
[Round "9.27"]
[White "De La Hoz Sanchez, Ruben"]
[Black "Engelbrecht, Kevin P"]
[Result "1-0"]
[WhiteElo "1961"]
[BlackElo "1740"]
[PlyCount "103"]
[EventDate "2012.04.02"]
[EventType "swiss"]
[EventRounds "9"]
[EventCountry "ESP"]
[Source "lmi"]
[SourceDate "2012.04.02"]

1. d4 Nf6 2. c4 e6 3. Nc3 Bb4 4. Qc2 O-O 5. Bg5 c5 6. e3 cxd4 7. exd4 d5 8. Bd3
h6 9. Bxf6 Qxf6 10. Nge2 Nc6 11. a3 dxc4 12. Bh7+ Kh8 13. axb4 Nxb4 14. Qa4
Nd3+ 15. Bxd3 cxd3 16. Ne4 Qg6 17. N2g3 f5 18. Qa3 Bd7 19. Nc5 Bb5 20. Nxd3 f4
21. Ne5 Qc2 22. Qc3 Qxc3+ 23. bxc3 fxg3 24. Ng6+ Kg8 25. Nxf8 gxf2+ 26. Kxf2
Rxf8+ 27. Ke3 a6 28. Rhc1 Bc4 29. Ra4 Rc8 30. Rb1 Bb5 31. Ra3 Rc7 32. Rb4 Kf7
33. Rab3 Bc6 34. g4 b5 35. Ra3 Ra7 36. c4 bxc4 37. Rxc4 Bb5 38. Rc5 Rd7 39. Ra2
Ke7 40. Rf2 Ra7 41. g5 Be8 42. gxh6 gxh6 43. Ra5 Bb5 44. Rf4 Kd6 45. Rh4 Rh7
46. Rh5 Ke7 47. Ke4 Kf6 48. Ra2 Kg6 49. Re5 Bc6+ 50. Ke3 Bd5 51. Rxa6 Re7 52.
Rxd5 1-0

[Event "5. Open Memorial Pedro Lezcano 2012"]
[Site "Gran Canaria ESP"]
[Date "2012.04.08"]
[Round "9.28"]
[White "Guerra Arrocha, Daniel"]
[Black "Marrero Cardenes, Agustin"]
[Result "1-0"]
[WhiteElo "1771"]
[BlackElo "1895"]
[PlyCount "85"]
[EventDate "2012.04.02"]
[EventType "swiss"]
[EventRounds "9"]
[EventCountry "ESP"]
[Source "lmi"]
[SourceDate "2012.04.02"]

1. e4 c6 2. Nc3 d5 3. d4 dxe4 4. Nxe4 Nf6 5. Nxf6+ gxf6 6. Nf3 Bf5 7. Bd3 Bxd3
8. Qxd3 Qc7 9. O-O Nd7 10. Re1 e6 11. c4 O-O-O 12. Qe4 h5 13. a3 Bh6 14. b4 Nb6
15. Bxh6 Rxh6 16. Rac1 Kb8 17. b5 cxb5 18. cxb5 Qd6 19. a4 Rg8 20. a5 Nd5 21.
g3 h4 22. Rc2 hxg3 23. fxg3 Rhg6 24. Kf2 Rg4 25. Qh7 Nb4 26. Rc3 Nd5 27. Rc2
R4g7 28. Qe4 f5 29. Qe5 Qxe5 30. Nxe5 f6 31. Nd3 f4 32. Rxe6 fxg3+ 33. hxg3
Rxg3 34. Ne1 R3g5 35. Re4 f5 36. Re5 Nf4 37. Rcc5 Nh3+ 38. Ke2 f4 39. Rxg5 Rxg5
40. Rxg5 Nxg5 41. Nf3 Nh3 42. Kf1 Kc7 43. Kg2 1-0